000 00568nam a2200181 a 4500
005 20140310183504.0
008 100812s19uu xx 00 eng d
020 _a0780470772942
050 _aHQ 759.912
_b.P363 2010
245 _aParents with intellectual disabilities :
_bpast, present and futures.
260 _aU.K :
_bWiley-Blackwell,
_c2010.
300 _a271 p. :
_c24 cm.
521 _aEDU
650 _aParents with mental disabilities
_xCross-cultural studies.
650 _aParenting
_xCross-cultural studies.
942 _cBK
_2lcc
_kFOR
999 _c23990
_d23990